000 00214nam a22000977a 4500
999 _c12366
_d12366
020 _a9789332536562
082 _a658.87
100 _aMichael R. Solomon, Tracy Tuten
245 _aSocial Media Marketing
942 _cBK